000
00344pam a2200157a 44500
008
230515b1995 xxu||||| |||| 00| 0 eng d
020
_a
NULL
041
_a
ENGLISH
082
_a
N.D.
100
_a
Baphana R.M.
245
_a
Applied Maths Val - lV
250
_a
0
260
_a
NULL
_b
Technova Pub
_c
1995
300
_a
271
650
_a
NULL
999
_c
576785
_d
576785